Geotechnical Engineering : (Record no. 16503)
[ view plain ]
| 000 -LEADER | |
|---|---|
| fixed length control field | 00988pam a2200277 a 4500 |
| 001 - CONTROL NUMBER | |
| control field | 2615268 |
| 005 - DATE AND TIME OF LATEST TRANSACTION | |
| control field | 20130217132644.0 |
| 008 - FIXED-LENGTH DATA ELEMENTS--GENERAL INFORMATION | |
| fixed length control field | 980505s1999 njua b 001 0 eng |
| 020 ## - INTERNATIONAL STANDARD BOOK NUMBER | |
| International Standard Book Number | 0131354256 |
| 020 ## - INTERNATIONAL STANDARD BOOK NUMBER | |
| International Standard Book Number | 9780131354258 |
| 040 ## - CATALOGING SOURCE | |
| Original cataloging agency | DLC |
| Transcribing agency | DLC |
| Modifying agency | DLC |
| 082 00 - DEWEY DECIMAL CLASSIFICATION NUMBER | |
| Classification number | 624.151 |
| Edition number | 21 |
| Item number | COD |
| 100 1# - MAIN ENTRY--PERSONAL NAME | |
| Personal name | Coduto, Donald P. |
| 9 (RLIN) | 29065 |
| 245 10 - TITLE STATEMENT | |
| Title | Geotechnical Engineering : |
| Remainder of title | Principles and Practices / |
| Statement of responsibility, etc | Donald P. Coduto, Man-chu Ronald Yeung, William A. Kitch. |
| 250 ## - EDITION STATEMENT | |
| Edition statement | 2nd ed. |
| 260 ## - PUBLICATION, DISTRIBUTION, ETC. (IMPRINT) | |
| Place of publication, distribution, etc | Boston ; |
| Name of publisher, distributor, etc | Prentice Hall, |
| Date of publication, distribution, etc | c2011. |
| 300 ## - PHYSICAL DESCRIPTION | |
| Extent | 814 p. : |
| Other physical details | ill. (some col.) ; |
| Dimensions | 24 cm. |
| 504 ## - BIBLIOGRAPHY, ETC. NOTE | |
| Bibliography, etc | Includes bibliographical references and indexes. |
| 650 #0 - SUBJECT ADDED ENTRY--TOPICAL TERM | |
| Topical term or geographic name as entry element | Engineering geology. |
| 9 (RLIN) | 29066 |
| 653 ## - INDEX TERM--UNCONTROLLED | |
| Resource For college | |
| Arrived date list | February2013 |
| 653 ## - INDEX TERM--UNCONTROLLED | |
| Resource For college | |
| Arrived date list | October2012 |
| 700 ## - ADDED ENTRY--PERSONAL NAME | |
| Personal name | Yeung, Man-Chung. |
| 9 (RLIN) | 32619 |
| 700 ## - ADDED ENTRY--PERSONAL NAME | |
| Personal name | Kitch, William A. |
| 9 (RLIN) | 32620 |
| 942 ## - ADDED ENTRY ELEMENTS (KOHA) | |
| Source of classification or shelving scheme | Dewey Decimal Classification |
| Item type | Book - Borrowing |
| Withdrawn status | Item status | Source of classification or shelving scheme | Damaged status | Not for loan | Vendor | Home library | Current library | Shelving location | Date acquired | Source of acquisition | Cost, normal purchase price | Serial Enumeration / chronology | Total Checkouts | Total Renewals | Full call number | Barcode | Date last seen | Date last borrowed | Koha item type |
|---|---|---|---|---|---|---|---|---|---|---|---|---|---|---|---|---|---|---|---|
| Dewey Decimal Classification | Alahram | Central Library | Central Library | First floor | 21/02/2012 | 199.00 | 682 | 5 | 42 | 624.151 COD | 000026163 | 15/07/2025 | 07/10/2024 | Book - Borrowing | |||||
| Dewey Decimal Classification | Baccah | Central Library | Central Library | First floor | 04/10/2012 | 199.00 | 3 | 624.151 COD | 000027611 | 15/07/2025 | NB - Book (Non borrowing) | ||||||||
| Dewey Decimal Classification | Baccah | Central Library | Central Library | First floor | 04/10/2012 | 199.00 | 3 | 3 | 4 | 624.151 COD | 000027612 | 15/07/2025 | 21/11/2022 | Book - Borrowing | |||||
| Dewey Decimal Classification | Baccah | Central Library | Central Library | First floor | 04/10/2012 | 199.00 | 3 | 624.151 COD | 000027613 | 15/07/2025 | Book - Borrowing | ||||||||
| Dewey Decimal Classification | Baccah | Central Library | Central Library | First floor | 11/02/2013 | 199.00 | 2 | 4 | 624.151 COD | 000028161 | 15/07/2025 | 27/11/2022 | Book - Borrowing | ||||||
| Dewey Decimal Classification | Baccah | Central Library | Central Library | First floor | 11/02/2013 | 199.00 | 2 | 2 | 624.151 COD | 000028162 | 15/07/2025 | 09/05/2016 | Book - Borrowing | ||||||
| Dewey Decimal Classification | Baccah | Central Library | Central Library | First floor | 11/02/2013 | 199.00 | 1 | 27 | 624.151 COD | 000028163 | 15/07/2025 | 14/03/2013 | Book - Borrowing | ||||||
| Dewey Decimal Classification | Baccah | Central Library | Central Library | First floor | 11/02/2013 | 199.00 | 1 | 16 | 624.151 COD | 000028164 | 15/07/2025 | 02/03/2014 | Book - Borrowing |